| 000 | 00892nam a2200265 a 4500 | ||
|---|---|---|---|
| 001 | 58479 | ||
| 003 | BD-RjUL | ||
| 005 | 20211209080628.0 | ||
| 008 | 161218s1964 uk 000 0 eng u | ||
| 035 | _a(BD-RjUL)58603 | ||
| 040 |
_aWSU _beng _cBD-RjUL _dBD-RjUL |
||
| 041 | _aeng | ||
| 082 |
_223 _a331.257 _bMAE 1964 |
||
| 100 | 1 |
_aMarris, Robin, _d1924-2012. _9173705 |
|
| 245 | 1 | 4 |
_aThe economics of capital utilisation / _cRobin Marris, Assisted by Ian Maclean and Simon Bernau |
| 260 |
_aCambridge : _bCambridge University Press, _c1964 |
||
| 300 |
_axviii, 267 p. ; _c24 cm. |
||
| 490 | 1 |
_aMonographs (University of Cambridge) ; _v10 |
|
| 500 | _aIncludes Index | ||
| 650 | 0 |
_aShift systems _9173706 |
|
| 700 |
_aMaclean, Ian Assisted by _9173707 |
||
| 700 |
_aBernau, Simon Assisted by _9173708 |
||
| 830 | 0 |
_aMonographs (University of Cambridge) ; _v10 _9179561 |
|
| 942 |
_2ddc _cBK |
||
| 999 |
_c58479 _d58479 |
||